000 00523cam a2200169 4500500
005 20260329002125.0
041 _afre
042 _adc
100 1 0 _aEnjalbert, Cédric
_eauthor
245 0 0 _aLes tribulations de la tribu
260 _c2010.
500 _a31
690 _aHomoparentalité
690 _aInfidélité
786 0 _nPhilosophie magazine | 45 | 12 | 2010-12-01 | p. 16-16 | 1951-1787
856 4 1 _uhttps://shs.cairn.info/magazine-philosophie-magazine-2010-12-page-16?lang=fr&redirect-ssocas=7080
999 _c1811922
_d1811922